000 00653nam a2200241 i 4500
001 C2-0292285
003 PPAK
005 20180728024349.0
008 081222s2007 nyua|||| ||||| | eng d
020 _a9780439813785
040 _aPPAK
_beng
_cPPAK
_erda
082 0 4 _a823
_223
090 0 0 _a823
_bSEL
_dLCK
100 1 _aSelznick, Brian,
_eauthor
245 1 4 _aThe invention of hugo cabret
264 1 _aNew York :
_bScholastic Press ,
_c2007
300 _a533 pages :
_billustrations ;
_c21 cm
336 _2rdacontent
_atext
337 _2rdamedia
_aunmediated
338 _2rdacarrier
_avolume
650 1 0 _aEnglish fiction
942 _ddc
_cB
999 _c97210
_d97210